01005nam a2200277 i 450000100060000000300090000600500170001500700030003200800410003502000180007608000160009408000150011010000460012524501180017125000120028926000530030130000220035449000250037650400350040165000420043665000440047883000330052285200330055599900170058895201220060513294ES-MaACL20240305170912.0t|980126s1997 sp ||||1| spa d a84-8188-053-1 a349.34(460) a331.4(460)1 aGonzález Sánchez, José Juan.95895510aSeguridad e higiene en el trabajo b: formación histórica y fundamentos / cJosé Juan González Sánchez. a1ª ed. aMadrid : bConsejo Económico y Social, c1997. a326 p. ; c23 cm.1 aColección Estudios aBibliografía : p. [314]-326.14aHigiene industrial-zEspaña.913354 4aSeguridad industrial-zEspaña.9170180 aColección estudios9178843 aES-MaACLjL-20620 bR.126351 c13294d13294 00104070aATENEOMbATENEOMcDEPO2d2008-01-17eSCl0oL-20620p1013537r2023-02-23 00:00:00w2023-02-23yMONOGRAFIA